Správa o zoonózach, alimentárnych nákazách a nákazách z vody v Slovenskej republike za rok ...

Bibliographic Details
Previous Title:Správa o zoonózach a pôvodcoch zoonóz v Slovenskej republike
Format: Serial
Language:Slovak
PhysicalDescription:zv. mp., tab. 30 cm
Published: Bratislava Ministerstvo pôdohospodárstva a rozvoja vidieka SR [2013]-
Košice Equilibria, s.r.o.
Nové Zámky DMC, s.r.o.
[Bratislava]
ISBN:9788089738007 (brož. : r. 2013)
9788089738052 (brož. : r. 2014)
9788097055295 (brož. : r. 2012)
9788089738083 (brož. : r. 2015)
9788089738113 (brož. : r. 2016)
9788081432316 (brož. : r. 2017)
9788097296346 (brož. : r. 2018)
9788097391737 (brož. : r. 2020)
9788097391751 (brož. : r. 2021)
9788097391799 (brož. : r. 2022)
9788089738465 (brož. : r. 2023)
9788089738557 (brož. : r. 2024)
Subjects:
Online Access:https://www.mpsr.sk/?navID=47&sID=111&navID2=506

MARC

LEADER 00000cas a2200000 a 4500
001 vtls010660168
005 20260504123749.0
008 160429c20139999xo ar o0 b0slo
015 |a SNBB2016-(r. 2012, r. 2013, r. 2014)  |a SNBB2017-(r. 2015, r. 2016)  |a SNBB2018-(r. 2017)  |a SNBB2020-(r. 2018)  |a SNBB2022-(r. 2020)  |a SNBB2023-(r. 2021)  |a SNBB2024-(r. 2022)  |a SNBB2025-(r. 2023)  |a SNBB2026-(r. 2024) 
020 |a 9788089738007 (brož. : r. 2013) 
020 |a 9788089738052 (brož. : r. 2014) 
020 |a 9788097055295 (brož. : r. 2012) 
020 |a 9788089738083 (brož. : r. 2015) 
020 |a 9788089738113 (brož. : r. 2016) 
020 |a 9788081432316 (brož. : r. 2017) 
020 |a 9788097296346 (brož. : r. 2018) 
020 |a 9788097391737 (brož. : r. 2020) 
020 |a 9788097391751 (brož. : r. 2021) 
020 |a 9788097391799 (brož. : r. 2022) 
020 |a 9788089738465 (brož. : r. 2023) 
020 |a 9788089738557 (brož. : r. 2024) 
040 |a SNK  |b slo  |c SNK  |e AACR2 
041 0 |a slo 
043 |a e-xo--- 
044 |a xo  |c SK 
072 7 |a 616  |x Patológia. Klinická medicína  |2 konspekt 
080 |a 050  |2 2011 
080 |a 616.993  |2 2011 
080 |a 616.9  |2 2011 
080 |a 616-022.3:613.2  |2 2011 
080 |a 578  |2 2011 
080 |a 504.5  |2 2011 
080 |a 502.51:504.5  |2 2011 
080 |a 616‑022.3:613.2  |2 2011 
080 |a (058)  |2 2011 
080 |a (437.6)  |2 2011 
080 |a (047)  |2 2011 
245 0 0 |a Správa o zoonózach, alimentárnych nákazách a nákazách z vody v Slovenskej republike za rok ... 
260 |a Bratislava  |b Ministerstvo pôdohospodárstva a rozvoja vidieka SR  |c [2013]- 
260 2 |3 2018  |a Košice  |b Equilibria, s.r.o. 
260 2 |3 2019-2023  |a Nové Zámky  |b DMC, s.r.o. 
260 3 |3 2024-  |a [Bratislava]  |b Ministerstvo pôdohospodárstva a rozvoja vidieka SR 
300 |a zv.  |b mp., tab.  |c 30 cm 
310 |a 1x ročne 
362 0 |a 2012- 
500 |a Súčasťou názvu je označenie bežného roka 
500 |a Vydavateľ v rokoch 2018, 2020-2022 podľa Národnej agentúry ISBN 
500 |a V r. 2023-2024 miesto vydania podľa NA ISBN 
504 |a Bibliografické odkazy 
650 0 7 |a zoonózy  |2 SNKPH  |9 16303 
650 0 7 |a infekčné choroby  |2 SNKPH  |9 859 
650 0 7 |a Zoonoses  |2 SNKPHeng  |9 268189 
650 0 7 |a Infectious diseases  |2 SNKPHeng  |9 268190 
650 0 7 |a Food-borne infections  |2 SNKPHeng  |9 270144 
650 0 7 |a Viruses  |2 SNKPHeng  |9 270145 
650 0 7 |a Contaminated water  |2 SNKPHeng  |9 270146 
650 0 7 |a alimentárne infekcie  |2 SNKPH  |9 70033 
650 0 7 |a vírusy  |2 SNKPH  |9 687 
650 0 7 |a znečistenie vôd  |2 SNKPH  |9 31216 
651 7 |a Slovensko  |2 SNKPHgeo  |9 14231 
651 7 |a Slovakia  |2 SNKPHeng  |9 92630 
655 7 |a správy  |2 SNKPH  |9 70563 
655 7 |a ročenky  |2 SNKPH  |9 57146 
655 7 |a Reports  |2 SNKPHeng  |9 265694 
655 7 |a Yearbooks  |2 SNKPHeng  |9 120938 
710 1 |a Slovensko.  |b Ministerstvo pôdohospodárstva a rozvoja vidieka  |4 pbl  |9 173049 
780 0 0 |t Správa o zoonózach a pôvodcoch zoonóz v Slovenskej republike  |w vtls010476511 
856 4 0 |u https://www.mpsr.sk/?navID=47&sID=111&navID2=506 
916 |a 2012-2014, 2015-2018 
916 |a 978-80-970552-9-5 
919 |a 978-80-89738-00-7 
919 |a 978-80-89738-05-2 
919 |a 978-80-89738-08-3 
919 |a 978-80-89738-11-3 
919 |a 978-80-8143-231-6 
919 |a 978-80-972963-4-6 
919 |a 978-80-973917-3-7 
919 |a 978-80-973917-5-1 
919 |a 978-80-973917-9-9 
919 |a 978-80-89738-46-5 
919 |a 978-80-89738-55-7 
958 |a NB 
999 |c 6344  |d 8274 
952 |a SNK  |b SNK  |y PREZ  |7 0  |p 17A1465595  |o snkČSB 6074/2021  |i snk2023/3963  |8 0  |0 0  |1 0  |4 0  |d 2023-03-07  |l 0  |r 2026-02-21 19:30:35  |w 2026-02-21 
952 |a SNK  |b SNK  |y PREZ  |7 0  |p 17A1465596  |o snkČSB 6074/2021 D1  |i snk2023/3964  |8 0  |0 0  |1 0  |4 0  |d 2023-03-07  |l 0  |r 2026-02-21 19:30:35  |w 2026-02-21 
952 |a SNK  |b SNK  |y PREZ  |7 0  |p 17A1556107  |o snkČSB 6074/2023  |i snk2025/8699  |8 0  |z Vydané v r. 2024  |0 0  |1 0  |4 0  |d 2025-06-02  |l 0  |r 2026-02-21 19:57:48  |w 2026-02-21 
952 |a SNK  |b SNK  |y PREZ  |7 0  |p 17A1522317  |o snkČSB 6074/2022  |i snk2024/6671  |8 0  |z Podľa ISBN vydané v r. 2023  |0 0  |1 0  |4 0  |d 2024-04-25  |l 0  |r 2026-02-21 19:59:58  |w 2026-02-21 
952 |a SNK  |b SNK  |y PREZ  |7 0  |p 17A1464413  |o snkČSB 6074/2020  |i snk2022/16874  |8 0  |0 0  |1 0  |4 0  |d 2022-11-08  |l 0  |r 2026-02-21 20:02:41  |w 2026-02-21 
952 |a SNK  |b SNK  |y PREZ  |7 0  |p 17A1464414  |o snkČSB 6074/2020 D1  |i snk2022/16875  |8 0  |0 0  |1 0  |4 0  |d 2022-11-08  |l 0  |r 2026-02-21 20:02:42  |w 2026-02-21 
952 |a SNK  |b SNK  |y PREZ  |7 0  |p 17A1204358  |o snkČSB 6074/2015  |i snk2017/49  |8 0  |f 1  |0 0  |1 0  |4 0  |d 2017-01-03  |l 0  |r 2026-02-21 21:47:53  |w 2026-02-21 
952 |a SNK  |b SNK  |y PREZ  |7 0  |p 17A1204359  |o snkČSB 6074/2015 D1  |i snk2017/50  |8 0  |0 0  |1 0  |4 0  |d 2017-01-03  |l 0  |r 2026-02-21 21:47:53  |w 2026-02-21 
952 |a SNK  |b SNK  |y PREZ  |7 0  |p 17A1085139  |o snkČSB 6074/2014  |i snk2016/742  |8 0  |f 1  |0 0  |1 0  |4 0  |d 2016-01-14  |l 0  |r 2026-02-21 21:53:43  |w 2026-02-21 
952 |a SNK  |b SNK  |y PREZ  |7 0  |p 17A1085140  |o snkČSB 6074/2014 D1  |i snk2016/745  |8 0  |0 0  |1 0  |4 0  |d 2016-01-14  |l 0  |r 2026-02-21 21:53:43  |w 2026-02-21 
952 |a SNK  |b SNK  |y PREZ  |7 0  |p 17A1085143  |o snkČSB 6074/2013  |i snk2016/628  |8 0  |f 1  |0 0  |1 0  |4 0  |d 2016-01-13  |l 0  |r 2026-02-21 21:53:46  |w 2026-02-21 
952 |a SNK  |b SNK  |y PREZ  |7 0  |p 17A1264320  |o snkČSB 6074/2016  |i snk2017/23086  |8 0  |f 1  |0 0  |1 0  |4 0  |d 2017-10-19  |l 0  |r 2026-02-21 22:04:38  |w 2026-02-21 
952 |a SNK  |b SNK  |y PREZ  |7 0  |p 17A1264321  |o snkČSB 6074/2016 D1  |i snk2017/23087  |8 0  |0 0  |1 0  |4 0  |d 2017-10-19  |l 0  |r 2026-02-21 22:04:38  |w 2026-02-21 
952 |a SNK  |b SNK  |y PREZ  |7 0  |p 17A1098715  |o snkČSB 6074/2012  |i snk2016/7659  |8 0  |f 1  |0 0  |1 0  |4 0  |d 2016-03-17  |l 0  |r 2026-02-21 22:09:15  |w 2026-02-21 
952 |a SNK  |b SNK  |y PREZ  |7 0  |p 17A1098716  |o snkČSB 6074/2012 D1  |i snk2016/7660  |8 0  |0 0  |1 0  |4 0  |d 2016-03-17  |l 0  |r 2026-02-21 22:09:15  |w 2026-02-21 
952 |a SNK  |b SNK  |y PREZ  |7 0  |p 17A1328317  |o snkČSB 6074/2017  |i snk2018/18486  |8 0  |f 1  |0 0  |1 0  |4 0  |d 2018-09-12  |l 0  |r 2026-02-21 22:27:37  |w 2026-02-21 
952 |a SNK  |b SNK  |y PREZ  |7 0  |p 17A1328318  |o snkČSB 6074/2017 D1  |i snk2018/18489  |8 0  |0 0  |1 0  |4 0  |d 2018-09-12  |l 0  |r 2026-02-21 22:27:37  |w 2026-02-21 
952 |a SNK  |b SNK  |y PREZ  |7 0  |p 17A1386708  |o snkČSB 6074/2018  |i snk2020/3239  |8 0  |f 1  |0 0  |1 0  |4 0  |d 2020-02-11  |l 0  |r 2026-02-21 22:29:54  |w 2026-02-21 
952 |a SNK  |b SNK  |y PREZ  |7 0  |p 17A1386709  |o snkČSB 6074/2018 D1  |i snk2020/3241  |8 0  |0 0  |1 0  |4 0  |d 2020-02-11  |l 0  |r 2026-02-21 22:29:54  |w 2026-02-21 
952 |t 1  |a SNK  |b SNK  |y NEVYP  |7 1  |p 17A1559593  |o snkČSB 6074/2024  |i snk2026/6485  |8 0  |0 0  |1 0  |2 udc  |4 0  |d 2026-05-04  |l 0  |r 2026-05-04 12:19:37  |w 2026-05-04 
952 |t 2  |a SNK  |b SNK  |y NEVYP  |7 1  |p 17A1559594  |o snkČSB 6074/2024 D1  |i snk2026/6486  |8 0  |0 0  |1 0  |2 udc  |4 0  |d 2026-05-04  |l 0  |r 2026-05-04 12:26:06  |w 2026-05-04